O livro dos gatos (Registo nº 315)
[ vista simples ]
| 000 -Etiqueta do registo | |
|---|---|
| Cabeçalho | 00621nam0a2200229 4500 |
| 005 - Identificador da versão | |
| Campo de controlo | 20240813121759.0 |
| 010 ## - Número internacional normalizado dos livros (ISBN) | |
| Número (ISBN) | 9726390214 |
| 021 ## - Número do Depósito Legal | |
| Código do país | PT |
| Número | 61530/92 |
| 100 ## - Dados gerais de processamento | |
| Dados gerais de processamento | 20160624d1992 a e0pory5003 ba |
| 102 ## - Pais de publicação ou produção | |
| País de publicação | Portugal |
| 101 1# - Língua de publicação | |
| Língua do texto, banda sonora, etc. | Português |
| Língua do documento no original | Inglês |
| 215 ## - Descrição física | |
| Indicação específica da natureza do documento e extensão da espécie | 81 p. |
| Outras indicações físicas | il. color |
| 200 1# - Titulo e menção de responsabilidade | |
| Título próprio | O livro dos gatos |
| Primeira menção de responsabilidade | T. S. Eliot |
| 210 ## - Publicação, Distribuição, etc. | |
| Lugar da edição, distribuição, etc. | Lisboa |
| Nome do editor, distribuidor, etc. | Editora Caravela |
| Data da publicação, distribuição, etc. | D. L. 1992 |
| 606 ## - Nome comum usado como assunto | |
| Número de registo de entrada de autoridade | 0003021 |
| Palavra de ordem | Literatura inglesa |
| Subdivisão de assunto | Humor |
| Código do sistema | CA |
| 675 ## - Classificação Decimal Universal (CDU) | |
| Notação | 821.111-7 |
| Edição | 3ª ed. |
| Língua da edição | por |
| 700 #1 - Nome de autor-pessoa física (responsabilidade principal) | |
| Número de registo de entrada de autoridade | 0003023 |
| Palavra de ordem | Eliot |
| Outra parte do nome não tomada para palavra de ordem | T. S. |
| Datas | 1888-1965 |
| 966 ## - Identificação da Biblioteca | |
| Sigla | EB2,3ENM |
| 942 ## - Elementos de entrada adicionados (Koha) | |
| Tipo de item no Koha | Livro |
| Situação do levantamento | Origin of item (home branch) (coded) | Biblioteca de empréstimo | Código de barras | Cota | Circulation type (not for loan) | Tipo de documento | Nota do exemplar | Damaged status |
|---|---|---|---|---|---|---|---|---|
| Biblioteca Escolar Eng. Nuno Mergulhão | Biblioteca Escolar Eng. Nuno Mergulhão | BENM590 | 82LE-7 ELI | Livro | Sem mensagem |
